| 000 | 01254cam a2200205 4500 | ||
|---|---|---|---|
| 001 | WB3930-15 | ||
| 008 | 030804n2003 000 0 eng u | ||
| 035 | _a(Sirsi) u123181 | ||
| 245 | _aProject extranets | ||
| 260 | _c2003 | ||
| 490 |
_aRICS Quantity Surveying and Construction Faculty News _v15 July 2003 (1) |
||
| 520 | _aThe RICS Construction Faculty has published the findings of research into the potential of project extranets and e-procurement. "An introduction to project extranets and e-procurement" describes the features of 12 of the leading project extranet systems and "Project extranets and e-procurement: user perspective" reports on the experience of those who have worked on projects using extranets. "An introduction to project extranets" is available at www.rics.org/downloads/news/intro_project_extranet.pdf. "Project extranets" is available at www.rics.org/downloads/news/project_extranets.pdf. www.rics.org/ricscms/bin/show?class=News&template=/includes/shownews.html&id=6447 | ||
| 590 | _aWB | ||
| 650 | _aPROJECT EXTRANETS | ||
| 650 |
_aProcurement _96260 |
||
| 650 | _aMANAGEMENT-PROJECT MANAGEMENT | ||
| 650 | _aCONSTRUCTION INDUSTRY | ||
| 690 | _aMANAGEMENT-BUSINESS MANAGEMENT-INFORMATION MANAGEMENT | ||
| 942 | _n0 | ||
| 999 |
_c73155 _d73155 |
||